000 00771nam a2200277Ia 4500
003 OSt
005 20221006150824.0
006 a|||||r|||| 00| 0
007 ta
008 221006b |||||||| |||| 00| 0 jpn d
020 _c¥1300
024 _a19,912
037 _bGift, Japan Foundation
_cTextual
040 _aEASL
_cEASL
_bjpn
041 _2jpn
_ajpn
082 _aW691xM70, K9
100 _aWOLFE B D
_9657705
245 0 _aLenin Trotsky Stalin
260 _aTokyo
_bKinokuniya Shoten Japan
_c1969
300 _a716p.
_ccm.
490 _v JL
650 _aJL
700 _a SUGAWARA Takemitsu Tr.
_9657706
942 _hW691xM70, K9
_cTEXL
_2CC
999 _c1087998
_d1087998